• 首页
  • 本馆介绍
  • 公告通知
  • 最新文献
  • 馆藏检索
  • 电子资源
  • 读者导购
  • 参考咨询
  • 我的图书馆
  • 登录
  • 详细信息显示
  • 放入我的书架
  • 预约/预借图书
  • 作者相关作品
  • 分类相关作品
  • 丛书相关作品
  • 出版社相关作品

书目信息

  • 表格格式
  • 工作单格式
  • 卡片格式
题名:
台湾人民抗日斗争史
    
 
作者: 薛军力 著
分册:  
出版信息: 北京   北京燕山出版社  1997.6
页数: 293页
开本: 32开
丛书名: 纪念卢沟桥事变六十周年丛书
单 册:
中图分类: K256.4
科图分类:
主题词: 中国--历史--1840~1949
电子资源:
ISBN: 7-5402-0939-9
000 00834nam0 2200229 45
001 0004120997
005 20031219104044.5
010    @a7-5402-0939-9@dCNY14.50
100    @a20000412d1997 km y0chiy0120 ea
101    @achi
105    @a z 000yy
200 1  @a台湾人民抗日斗争史@f薛军力,徐鲁航著
210    @a北京@c北京燕山出版社@d1997.6
215    @a293页@d32开
225    @a纪念卢沟桥事变六十周年丛书@f中国人民抗日战争纪念馆,北京市社会科学界联合会编
410    @12001 @a纪念卢沟桥事变六十周年丛书
410    @1700 0@a北京市社会科学界联合会@ABei Jing Shi She Hui Ke Xue Jie Lian He Hui@4编@a中国人民抗日战争纪念馆@AZhong Guo Ren MinKang Ri Zhan Zheng Ji Nian Guan@4编
606 0  @a中国@x历史@z1840~1949
690    @aK256.4@v1
701    @a薛军力@4著
801    @aCN@bTSTC@c20000412
905    @f1@b287562@dK256.4@e26
    
    台湾人民抗日斗争史/薛军力,徐鲁航著.-北京:北京燕山出版社,1997.6
    293页;32开.-(纪念卢沟桥事变六十周年丛书/中国人民抗日战争纪念馆,北京市社会科学界联合会编)
    
    
    ISBN 7-5402-0939-9:CNY14.50
    
●
相关链接 在E读中查询图书 在五车中查询图书 在当当中查询图书 在豆瓣中查询图书


正题名:台湾人民抗日斗争史     索取号:K256.4/26         预约/预借

序号 登录号 条形码 馆藏地/架位号 状态 备注
1 0287562   002875623   第二样本阅览室/ [索取号:K256.4/26] 在馆    
唐山师范学院图书馆 欢迎您!
大连网信软件有限公司© 版权所有